00833 a2200169 4500003000500000005001700005020001500022040000900037082001600046100002300062245006300085260004400148300001100192505040400203650003600607700002000643Nust20221208113514.0 a8120327225 cNust a621.382,MAH aMasheshwari, L. K. aAnalog electronics /cL. K. Masheshwari and M. M. S. Anand aNew DelhibPrentice-Hall of Indiac2005 a690 p. aFundamental Concepts (Page-1), Operational Amplifier Basic (Page-97), Special Purpose Linear Op-amp Circuits (Page-152), Active Filters (Page-188), Nonlinear Operational Amplifier Circuits (Page-250), Signal Generators (Page-319), Voltage Regulators (Page-375), Integrated Circuits Power Amplifiers (Page-444), High Frequency Amplifiers (Page-482), Data Converters (Page-520), IC Sensors (Page-586), aTelecommunications engineering. aAnand, M. M. S.